Statistics for 50 Popular Musical Instruments by Photo

Click here to take the quiz!

General Stats

  • This quiz has been taken 61 times
  • The average score is 36 of 50

Answer Stats

Answer% Correct
Guitar
98%
Bell
96%
Electric Guitar
96%
Flute
96%
Piano
96%
Saxophone
96%
Drums
94%
Harp
94%
Triangle
94%
Trumpet
94%
Violin
94%
Bagpipe
92%
Banjo
92%
Cello
91%
Microphone
91%
Trombone
91%
Harmonica
89%
Accordion
87%
Clarinet
87%
French Horn
85%
Gong
85%
Tuba
85%
Xylophone
85%
Keyboard
83%
Maracas
83%
Tambourine
81%
Ukulele
81%
Cymbal
79%
Kazoo
79%
Organ
79%
Recorder
79%
Bongo's
75%
Snare Drum
74%
Bass Guitar
70%
Bass Drum
68%
Oboe
64%
Double Bass
62%
Pan Flute
60%
Ocarina
57%
Timpani
53%
Glockenspiel
43%
Stylophone
43%
Didgeridoo
42%
Steel Pan
42%
Castanets
36%
Conga
34%
Synthesizer
30%
Cajon
17%
DJ Controller
6%
Hand Pans
4%

Score Distribution

Percentile by Number Answered

Percent of People with Each Score

Your Score History

You have not taken this quiz